[Event "44th Hoogovens it"]
[Site "Wijk aan Zee NED"]
[Date "1982.01.26"]
[Round "9"]
[White "Ree, Hans"]
[Black "Nunn, John Denis Martin"]
[Result "1/2-1/2"]
[WhiteElo "2475"]
[BlackElo "2590"]
[EventDate "1982.01.15"]
[PlyCount "68"]

1. d4 Nf6 2. c4 g6 3. Nc3 Bg7 4. e4 d6 5. f3 O-O 6. Be3 Nc6 7. Nge2 a6 8. Qd2 Rb8 9. h4 h5 10. O-O-O b5 11. Nf4 e5 12. dxe5 Nxe5 13. c5 b4 14. Ncd5 Nxd5 15. Nxd5 a5 16. cxd6 Qxd6 17. Qc2 c6 18. Nb6 Qf6 19. Be2 a4 20. Nxa4 Ra8 21. Bg5 Qe6 22. b3 Nd7 23. Bc4 Qe5 24. Be3 Rd8 25. f4 Qe7 26. g4 hxg4 27. h5 gxh5 28. Rxh5 Nf6 29. Rxd8+ Qxd8 30. Rh1 Be6 31. Bxe6 fxe6 32. e5 Qd5 33. Rh4 Qf3 34. Bd2 Ne4 1/2-1/2

[Event "44th Hoogovens it"]
[Site "Wijk aan Zee NED"]
[Date "1982.01.31"]
[Round "13"]
[White "Sunye Neto, Jaime"]
[Black "Christiansen, Larry"]
[Result "0-1"]
[WhiteElo "2475"]
[BlackElo "2585"]
[EventDate "1982.01.15"]
[PlyCount "58"]

1. c4 e5 2. Nc3 Nf6 3. Nf3 Nc6 4. d3 Bb4 5. Bd2 O-O 6. a3 Bxc3 7. Bxc3 Re8 8. e4 d6 9. h3 a6 10. Be2 b5 11. cxb5 axb5 12. O-O Rb8 13. b4 Ne7 14. Re1 Ng6 15. Bf1 Bb7 16. Nd2 c5 17. Rc1 Ba8 18. Nb3 c4 19. dxc4 Nxe4 20. cxb5 Nf4 21. Re3 Re6 22. Na5 Rxb5 23. Bxb5 Rg6 24. g4 Nxf2 25. Kxf2 Qh4+ 26. Kg1 Nxh3+ 27. Rxh3 Qxh3 28. Bc6 Qg3+ 29. Kf1 Rf6+ 0-1

[Event "44th Hoogovens it"]
[Site "Wijk aan Zee NED"]
[Date "1982.01.31"]
[Round "13"]
[White "Van der Wiel, John"]
[Black "Hort, Vlastimil"]
[Result "1/2-1/2"]
[WhiteElo "2470"]
[BlackElo "2590"]
[EventDate "1982.01.15"]
[PlyCount "29"]

1. e4 e6 2. d4 d5 3. Nd2 c5 4. Ngf3 Nc6 5. exd5 exd5 6. Bb5 Bd6 7. dxc5 Bxc5 8. O-O Nge7 9. Nb3 Bd6 10. Re1 O-O 11. Bg5 h6 12. Bh4 Bg4 13. Be2 Re8 14. Nfd4 Bxe2 15. Rxe2 1/2-1/2